[Event "North American-ch U20"]
[Site "Kitchener"]
[Date "2015.07.29"]
[Round "7"]
[White "Liu, Daniel"]
[Black "Zhao, Harry"]
[Result "0-1"]
[WhiteElo "1666"]
[BlackElo "1892"]
[PlyCount "60"]
[EventDate "2015.07.26"]
[EventType "swiss"]
[EventRounds "9"]
[EventCountry "CAN"]
[SourceTitle "EXT 2019"]
[Source "ChessBase"]
[SourceDate "2018.10.10"]
[SourceVersion "1"]
[SourceVersionDate "2018.10.10"]
[SourceQuality "1"]

1. e4 d5 2. exd5 Qxd5 3. Nc3 Qa5 4. d4 Nf6 5. Nf3 Nc6 6. Be2 Bg4 7. 0-0 0-0-0 8. Be3 e5 9. h3 Bxf3 10. Bxf3 exd4 11. Bxc6 bxc6 12. Bxd4 c5 13. Ne2 cxd4 14. Qd3 Qd5 15. Rfd1 Bc5 16. b4 Bb6 17. a4 a5 18. Rab1 axb4 19. Rxb4 Rd6 20. Nxd4 Bxd4 21. Rxd4 Qxd4 22. Qxd4 Rxd4 23. Rxd4 Rd8 24. Rb4 Rd5 25. Kf1 Rc5 26. Rb2 Ra5 27. Rb4 Nd5 28. Re4 Kd7 29. Re5 f6 30. Rh5 Ne3+ 0-1

[Event "North American-ch U20"]
[Site "Kitchener"]
[Date "2015.07.27"]
[Round "2"]
[White "Liu, Daniel"]
[Black "Zotkin, Daniel"]
[Result "0-1"]
[WhiteElo "1666"]
[BlackElo "1947"]
[PlyCount "103"]
[EventDate "2015.07.26"]
[EventType "swiss"]
[EventRounds "9"]
[EventCountry "CAN"]
[SourceTitle "EXT 2019"]
[Source "ChessBase"]
[SourceDate "2018.10.10"]
[SourceVersion "1"]
[SourceVersionDate "2018.10.10"]
[SourceQuality "1"]

1. e4 c5 2. Nf3 Nc6 3. Bb5 e6 4. 0-0 Nge7 5. Nc3 a6 6. Bxc6 Nxc6 7. d4 cxd4 8. Nxd4 Qb6 9. Nde2 Be7 10. Rb1 0-0 11. Kh1 f5 12. Be3 Qc7 13. f3 b5 14. a3 Bb7 15. Qe1 Na5 16. Nf4 Nc4 17. Nd3 fxe4 18. Bf4 e5 19. Bxe5 Nxe5 20. Nxe4 Nxd3 21. cxd3 Rfe8 22. Qf2 d5 23. Rbc1 Qe5 24. Nc3 Bd6 25. g3 Qe3 26. d4 Qxf2 27. Rxf2 Re3 28. Kg2 b4 29. axb4 Bxb4 30. Ne2 Rc8 31. Rxc8+ Bxc8 32. Nf4 Bb7 33. Rc2 Bd6 34. Ne2 a5 35. Kf2 Rb3 36. Nc3 Bb4 37. Na4 Ba6 38. Nb6 Be1+ 39. Kxe1 Rxb6 40. Kd1 Bc4 41. Kc1 Rb3 42. f4 Rf3 43. Kd2 Rf2+ 44. Kc3 Rxc2+ 45. Kxc2 a4 46. Kd2 Kf7 47. g4 Kf6 48. Ke3 g5 49. f5 h5 50. h3 h4 51. Kf2 Bd3 52. Kg2 0-1

[Event "San Francisco TNM Winter op"]
[Site "San Francisco"]
[Date "2012.02.21"]
[Round "8"]
[White "Liu, Daniel"]
[Black "Wong, Russell"]
[Result "1/2-1/2"]
[WhiteElo "2114"]
[BlackElo "2200"]
[PlyCount "47"]
[EventDate "2012.01.03"]
[EventType "swiss"]
[EventRounds "8"]
[EventCountry "USA"]
[SourceTitle "EXT 2014"]
[Source "ChessBase"]
[SourceDate "2013.11.20"]
[SourceVersion "1"]
[SourceVersionDate "2013.11.20"]
[SourceQuality "1"]

1. e4 c6 2. d4 d5 3. f3 e6 4. Nc3 Bb4 5. Nge2 dxe4 6. fxe4 Qh4+ 7. Ng3 Nf6 8. Qf3 e5 9. dxe5 Ng4 10. h3 Nxe5 11. Qf4 Qxf4 12. Bxf4 Ng6 13. Bd2 0-0 14. 0-0-0 Nd7 15. a3 Ba5 16. Nf5 Nde5 17. Nd6 Bc7 18. Be3 b6 19. Nxc8 Raxc8 20. Be2 Rcd8 21. a4 Rxd1+ 22. Rxd1 Rd8 23. Rxd8+ Bxd8 24. a5 1/2-1/2

[Event "San Francisco TNM Winter op"]
[Site "San Francisco"]
[Date "2012.01.31"]
[Round "5"]
[White "Liu, Daniel"]
[Black "Delmonico, Nils"]
[Result "1-0"]
[WhiteElo "2114"]
[BlackElo "1900"]
[PlyCount "53"]
[EventDate "2012.01.03"]
[EventType "swiss"]
[EventRounds "8"]
[EventCountry "USA"]
[SourceTitle "EXT 2014"]
[Source "ChessBase"]
[SourceDate "2013.11.20"]
[SourceVersion "1"]
[SourceVersionDate "2013.11.20"]
[SourceQuality "1"]

1. e4 e6 2. d4 d5 3. Nd2 Be7 4. Bd3 c5 5. dxc5 Nf6 6. Qe2 0-0 7. Ngf3 a5 8. 0-0 Na6 9. e5 Nd7 10. c3 Naxc5 11. Bc2 b6 12. Re1 Ba6 13. Qe3 Qc7 14. Nd4 Rfe8 15. Qh3 Nf8 16. f4 Rac8 17. Re3 f5 18. g4 g6 19. gxf5 exf5 20. Qg2 Ne4 21. Nxf5 Bc5 22. Nxe4 dxe4 23. Nd4 Bxd4 24. Bb3+ Kh8 25. cxd4 Qxc1+ 26. Rxc1 Rxc1+ 27. Kf2 1-0

[Event "Northern California op"]
[Site "Fremont"]
[Date "2012.01.06"]
[Round "7"]
[White "Lobo, Richard"]
[Black "Liu, Daniel"]
[Result "1-0"]
[WhiteElo "2251"]
[BlackElo "2049"]
[PlyCount "117"]
[EventDate "2012.01.02"]
[EventType "swiss"]
[EventRounds "9"]
[EventCountry "USA"]
[SourceTitle "CBM 146 Extra"]
[Source "ChessBase"]
[SourceDate "2012.02.29"]
[SourceVersion "1"]
[SourceVersionDate "2012.02.29"]
[SourceQuality "1"]

1. c4 e5 2. Nc3 Nc6 3. g3 f5 4. Bg2 Nf6 5. d3 Bb4 6. Bd2 0-0 7. e3 d6 8. Nge2 Ne7 9. a3 Bxc3 10. Nxc3 c6 11. 0-0 f4 12. exf4 Bg4 13. Qc2 Nf5 14. Be3 exf4 15. Bxf4 Nd4 16. Qd2 Nb3 17. Qe3 Nxa1 18. Rxa1 Nh5 19. Bg5 Qd7 20. Qd4 Bf3 21. Ne4 Bxg2 22. Kxg2 d5 23. cxd5 Qxd5 24. Qxd5+ cxd5 25. Nd6 Nf6 26. b4 b6 27. h3 Rad8 28. Bf4 Ne8 29. Nb5 Rd7 30. Rc1 Nf6 31. Be5 Re8 32. f4 Red8 33. Rc6 Ne8 34. g4 Rb7 35. Kf3 Kf7 36. g5 g6 37. h4 Rbd7 38. h5 Rb7 39. h6 Rbd7 40. Kg4 Kg8 41. Nd4 Nd6 42. b5 Kf7 43. a4 Nc8 44. Bf6 Ne7 45. Nf3 Nxc6 46. bxc6 Rd6 47. Bxd8 Rxd8 48. f5 Re8 49. Kf4 gxf5 50. Kxf5 Rc8 51. Ne5+ Ke7 52. g6 hxg6+ 53. Kxg6 Ke6 54. d4 a6 55. h7 b5 56. axb5 axb5 57. Kg7 b4 58. Nd7 b3 59. Nf8+ 1-0

[Event "Northern California op"]
[Site "Fremont"]
[Date "2012.01.05"]
[Round "5"]
[White "Liu, Daniel"]
[Black "Manvelyan, Hayk"]
[Result "1-0"]
[WhiteElo "2049"]
[BlackElo "2202"]
[PlyCount "81"]
[EventDate "2012.01.02"]
[EventType "swiss"]
[EventRounds "9"]
[EventCountry "USA"]
[SourceTitle "CBM 146 Extra"]
[Source "ChessBase"]
[SourceDate "2012.02.29"]
[SourceVersion "1"]
[SourceVersionDate "2012.02.29"]
[SourceQuality "1"]

1. e4 g6 2. d4 Bg7 3. Nc3 d6 4. f4 Nd7 5. Nf3 c5 6. d5 Ngf6 7. e5 dxe5 8. fxe5 Ng4 9. e6 fxe6 10. dxe6 Nde5 11. Bb5+ Nc6 12. Qxd8+ Kxd8 13. Ng5 Rf8 14. h3 Nge5 15. Nxh7 Rh8 16. Bxc6 Nxc6 17. Ng5 Rf8 18. Be3 b6 19. 0-0-0+ Kc7 20. Nd5+ Kb7 21. Rhf1 Rxf1 22. Rxf1 Bh6 23. Nxe7 Nxe7 24. Rf7 Kc6 25. Rxe7 Kd6 26. Re8 Bxg5 27. Bxg5 Bb7 28. Bf4+ Kd5 29. Re7 Bc8 30. b3 Ke4 31. g3 Kf5 32. Re8 Bb7 33. Rxa8 Bxa8 34. e7 Bc6 35. Bb8 a6 36. Ba7 Ke4 37. Bxb6 Kf3 38. Bc7 g5 39. Kd2 Bb5 40. Kc3 Ke4 41. a4 1-0

[Event "Northern California op"]
[Site "Fremont"]
[Date "2012.01.02"]
[Round "1"]
[White "Liu, Daniel"]
[Black "Coleman, Teddy"]
[Result "0-1"]
[WhiteElo "2049"]
[BlackElo "2356"]
[PlyCount "126"]
[EventDate "2012.01.02"]
[EventType "swiss"]
[EventRounds "9"]
[EventCountry "USA"]
[SourceTitle "CBM 146 Extra"]
[Source "ChessBase"]
[SourceDate "2012.02.29"]
[SourceVersion "1"]
[SourceVersionDate "2012.02.29"]
[SourceQuality "1"]

1. e4 c5 2. Nf3 e6 3. Nc3 a6 4. d4 cxd4 5. Nxd4 Qc7 6. Bd3 Nf6 7. Qe2 Bd6 8. Ndb5 axb5 9. Nxb5 Qa5+ 10. Bd2 Bb4 11. Bxb4 Qxb4+ 12. c3 Qc5 13. e5 Nd5 14. Nd6+ Kf8 15. Qf3 f5 16. Bxf5 Nf6 17. exf6 Qxd6 18. Be4 Qe5 19. fxg7+ Kxg7 20. Qg4+ Kf8 21. 0-0 Ra4 22. Rfe1 Qf6 23. Qg3 Nc6 24. Re3 Ke7 25. b4 Ra3 26. Bc2 Rf8 27. Bb3 Qf4 28. Qxf4 Rxf4 29. Rae1 b6 30. Rh3 Rf7 31. Re4 Bb7 32. Reh4 Ne5 33. Rh5 d6 34. Rxh7 Bd5 35. Rxf7+ Kxf7 36. Bxd5 exd5 37. f4 Nc4 38. Rd3 Rxa2 39. h4 Rd2 40. Rf3 d4 41. cxd4 Rxd4 42. g4 Nd2 43. Rf2 Ne4 44. Rf3 Nf6 45. g5 Nh5 46. f5 Rxh4 47. Rd3 Rg4+ 48. Kf2 Rxg5 49. Rxd6 Rxf5+ 50. Ke3 b5 51. Kd4 Nf6 52. Rc6 Rd5+ 53. Kc3 Ke7 54. Kb3 Ne4 55. Ka3 Kd7 56. Rc1 Nd2 57. Rh1 Nc4+ 58. Kb3 Kc6 59. Rh6+ Nd6 60. Rg6 Rd3+ 61. Kc2 Rh3 62. Kb2 Kd5 63. Rg4 Nc4+ 0-1

[Event "North American op 21st"]
[Site "Las Vegas"]
[Date "2011.12.26"]
[Round "1"]
[White "Molner, Mackenzie"]
[Black "Liu, Daniel"]
[Result "1-0"]
[WhiteElo "2455"]
[BlackElo "2136"]
[PlyCount "55"]
[EventDate "2011.12.26"]
[EventType "swiss"]
[EventRounds "7"]
[EventCountry "USA"]
[SourceTitle "CBM 146 Extra"]
[Source "ChessBase"]
[SourceDate "2012.02.29"]
[SourceVersion "1"]
[SourceVersionDate "2012.02.29"]
[SourceQuality "1"]

1. e4 c5 2. Nf3 Nc6 3. d4 cxd4 4. Nxd4 g6 5. Nc3 Bg7 6. Be3 Nf6 7. Bc4 Qa5 8. 0-0 0-0 9. Nb3 Qc7 10. Bg5 a6 11. Re1 b5 12. Bf1 h6 13. Bh4 g5 14. Bg3 d6 15. a4 b4 16. Nd5 Nxd5 17. exd5 Ne5 18. Qd2 a5 19. f4 gxf4 20. Bxf4 Ng6 21. Bxh6 Bxh6 22. Qxh6 Qxc2 23. Re3 Qxb2 24. Rg3 Qg7 25. Qd2 e5 26. h4 Qh8 27. Qg5 Kh7 28. Bd3 1-0

[Event "Golden State op 2nd"]
[Site "Concord"]
[Date "2011.01.15"]
[Round "3"]
[White "Liu, Daniel"]
[Black "Applebaum, Andy"]
[Result "1-0"]
[WhiteElo "1976"]
[BlackElo "2163"]
[PlyCount "107"]
[EventDate "2011.01.14"]
[EventType "swiss"]
[EventRounds "7"]
[EventCountry "USA"]
[SourceTitle "EXT 2012"]
[Source "ChessBase"]
[SourceDate "2011.11.24"]
[SourceVersion "1"]
[SourceVersionDate "2011.11.24"]
[SourceQuality "1"]

1. e4 e5 2. Nf3 Nc6 3. Bb5 a6 4. Ba4 Nf6 5. 0-0 b5 6. Bb3 Be7 7. Re1 0-0 8. h3 Bb7 9. d3 d6 10. a3 Nb8 11. Nbd2 Nbd7 12. Nf1 h6 13. Ng3 Re8 14. Nf5 Bf8 15. Nh2 d5 16. Qf3 c5 17. exd5 e4 18. dxe4 c4 19. Ba2 Bxd5 20. Bg5 Bxe4 21. Rxe4 Rxe4 22. Qxe4 Nxe4 23. Bxd8 Rxd8 24. Rd1 Nec5 25. Nf3 Re8 26. Kf1 Nf6 27. N5d4 Na4 28. b3 Nc3 29. Ra1 Bxa3 30. bxc4 Bb2 31. Re1 Rxe1+ 32. Kxe1 Nxa2 33. cxb5 axb5 34. Nxb5 Nb4 35. c3 Ne4 36. cxb4 f5 37. Nd2 Nxd2 38. Kxd2 Be5 39. Kd3 Kf7 40. Nd4 Kf6 41. b5 Bc7 42. Ne2 Kg5 43. Nc3 Bb8 44. Nd5 Bd6 45. b6 Kh4 46. b7 Bb8 47. Nb4 f4 48. Ke2 g5 49. Nc6 Bc7 50. Kf3 h5 51. b8Q g4+ 52. hxg4 hxg4+ 53. Ke4 Bxb8 54. Nxb8 1-0

[Event "Golden State op 2nd"]
[Site "Concord"]
[Date "2011.01.14"]
[Round "1"]
[White "Liu, Daniel"]
[Black "Lee, Andy C"]
[Result "0-1"]
[WhiteElo "1976"]
[BlackElo "2271"]
[PlyCount "122"]
[EventDate "2011.01.14"]
[EventType "swiss"]
[EventRounds "7"]
[EventCountry "USA"]
[SourceTitle "EXT 2012"]
[Source "ChessBase"]
[SourceDate "2011.11.24"]
[SourceVersion "1"]
[SourceVersionDate "2011.11.24"]
[SourceQuality "1"]

1. e4 e5 2. Nf3 Nc6 3. Bb5 a6 4. Ba4 Nf6 5. 0-0 b5 6. Bb3 Bc5 7. c3 d6 8. d4 Bb6 9. a4 Rb8 10. a5 Ba7 11. h3 0-0 12. Be3 Ra8 13. Nbd2 Bb7 14. Re1 Re8 15. Qc2 h6 16. d5 Ne7 17. c4 Bxe3 18. Rxe3 c6 19. dxc6 Nxc6 20. cxb5 axb5 21. Qd3 Nxa5 22. Qxb5 Nxb3 23. Rxa8 Qxa8 24. Rxb3 Bxe4 25. Nxe4 Qxe4 26. Re3 Qa8 27. Ra3 Qb8 28. Rb3 Qxb5 29. Rxb5 Kf8 30. Rb7 Rd8 31. Kf1 Nd7 32. b4 Ke7 33. Ke2 Rb8 34. Rxb8 Nxb8 35. Kd3 Kd7 36. b5 Kc7 37. Kc4 Nd7 38. Nd2 Nb6+ 39. Kb4 f5 40. f3 Nd7 41. Nc4 f4 42. h4 d5 43. Nb2 g5 44. hxg5 hxg5 45. Nd1 Kd6 46. Nf2 Nc5 47. Nh3 Ne6 48. Nf2 Kc7 49. Nd1 Kd6 50. Nf2 Nf8 51. Nh3 Nh7 52. Ka5 e4 53. fxe4 dxe4 54. b6 f3 55. gxf3 exf3 56. Ka6 Nf6 57. b7 Kc7 58. Ka7 Nd7 59. Nf2 Kc6 60. Ng4 Kc5 61. Ne5 Nxe5 0-1

[Event "North American op 20th"]
[Site "Las Vegas"]
[Date "2010.12.29"]
[Round "6"]
[White "Liu, Daniel"]
[Black "Gurczak, John"]
[Result "0-1"]
[WhiteElo "1955"]
[BlackElo "2120"]
[PlyCount "80"]
[EventDate "2010.12.26"]
[EventType "swiss"]
[EventRounds "7"]
[EventCountry "USA"]
[SourceTitle "CBM 140 Extra"]
[Source "ChessBase"]
[SourceDate "2011.03.01"]
[SourceVersion "1"]
[SourceVersionDate "2011.03.01"]
[SourceQuality "1"]

1. e4 c5 2. Nf3 d6 3. d4 cxd4 4. Nxd4 Nf6 5. Nc3 a6 6. Bg5 e6 7. f4 Nc6 8. Nxc6 bxc6 9. e5 h6 10. Bh4 g5 11. fxg5 Nd5 12. Ne4 Qb6 13. Bf2 Qb4+ 14. Nd2 Qxb2 15. Nc4 Qc3+ 16. Nd2 Qxe5+ 17. Be2 Nc3 18. Nf3 Nxd1 19. Nxe5 Nxf2 20. Kxf2 dxe5 21. Rhd1 hxg5 22. Bf3 Bc5+ 23. Kg3 0-0 24. Rab1 Ra7 25. Bxc6 Rc7 26. Ba4 Bd4 27. Rd3 Bb7 28. Re1 Rfc8 29. Bb3 Rc3 30. Kg4 Rxd3 31. cxd3 Bd5 32. Kxg5 Bxb3 33. axb3 Kg7 34. Re2 f6+ 35. Kh4 Rc3 36. Ra2 Rxb3 37. Rxa6 Rxd3 38. Rxe6 Kg6 39. Rc6 Bg1 40. Rc2 Bxh2 0-1

[Event "North American-ch U16"]
[Site "Montreal"]
[Date "2010.08.16"]
[Round "2"]
[White "Liu, Daniel"]
[Black "Boni Rowe, Nicolas"]
[Result "1/2-1/2"]
[WhiteElo "1638"]
[BlackElo "1511"]
[PlyCount "63"]
[EventDate "2010.08.16"]
[EventType "swiss"]
[EventRounds "7"]
[EventCountry "CAN"]
[SourceTitle "EXT 2013"]
[Source "ChessBase"]
[SourceDate "2012.11.22"]
[SourceVersion "1"]
[SourceVersionDate "2012.11.22"]
[SourceQuality "1"]

1. e4 c6 2. d4 d5 3. e5 Bf5 4. Nf3 e6 5. Be2 c5 6. c3 Nc6 7. Qb3 Qb6 8. Be3 cxd4 9. Bxd4 Bc5 10. Qxb6 axb6 11. Bxc5 bxc5 12. Nbd2 Nge7 13. Bb5 0-0 14. 0-0 Rfd8 15. h3 d4 16. cxd4 Nxd4 17. Bc4 b5 18. Bb3 c4 19. Nxd4 Rxd4 20. Nf3 Rd5 21. Bd1 Nc6 22. Re1 Nd4 23. Nxd4 Rxd4 24. Bf3 Ra7 25. Red1 Rxd1+ 26. Rxd1 g5 27. a3 Rc7 28. Rc1 Rc5 29. Re1 c3 30. bxc3 Rxc3 31. Be2 Rxa3 32. Bxb5 1/2-1/2

[Event "San Francisco TNM Spring op"]
[Site "San Francisco"]
[Date "2010.04.06"]
[Round "4"]
[White "Byambaa, Uyanga"]
[Black "Liu, Daniel"]
[Result "1-0"]
[WhiteElo "1803"]
[BlackElo "1973"]
[PlyCount "69"]
[EventDate "2010.03.16"]
[EventType "swiss"]
[EventRounds "8"]
[EventCountry "USA"]
[SourceTitle "EXT 2012"]
[Source "ChessBase"]
[SourceDate "2011.11.24"]
[SourceVersion "1"]
[SourceVersionDate "2011.11.24"]
[SourceQuality "1"]

1. e4 c5 2. Nf3 Nc6 3. d4 cxd4 4. Nxd4 g6 5. Nxc6 bxc6 6. Qd4 Nf6 7. e5 Nd5 8. c4 Nc7 9. e6 f6 10. exd7+ Bxd7 11. Be2 e5 12. Qh4 Bg7 13. 0-0 0-0 14. Re1 Qe7 15. Bf3 Ne6 16. Be3 g5 17. Qh5 f5 18. g4 f4 19. Be4 Rf6 20. Qxh7+ Kf7 21. Qh5+ Kf8 22. Qh7 fxe3 23. fxe3 Qf7 24. Nc3 Ke7 25. Qh3 Rf8 26. Qg3 Rf2 27. b4 Rb2 28. Rf1 Qg8 29. h4 Rxb4 30. Bd3 gxh4 31. Qxh4+ Kd6 32. g5 Rbb8 33. g6 Qh8 34. Ne4+ Kc7 35. Qe7 1-0

[Event "San Francisco TNM Spring op"]
[Site "San Francisco"]
[Date "2010.03.30"]
[Round "3"]
[White "Liu, Daniel"]
[Black "Standen, Julian"]
[Result "1-0"]
[WhiteElo "1973"]
[BlackElo "1714"]
[PlyCount "39"]
[EventDate "2010.03.16"]
[EventType "swiss"]
[EventRounds "8"]
[EventCountry "USA"]
[SourceTitle "EXT 2012"]
[Source "ChessBase"]
[SourceDate "2011.11.24"]
[SourceVersion "1"]
[SourceVersionDate "2011.11.24"]
[SourceQuality "1"]

1. e4 c6 2. d4 d5 3. exd5 cxd5 4. Bd3 Nf6 5. c3 e6 6. Bf4 Bd6 7. Bxd6 Qxd6 8. Nf3 Nc6 9. 0-0 0-0 10. Qe2 Bd7 11. Nbd2 Rac8 12. Ne5 Rc7 13. f4 Bc8 14. g4 Nd7 15. g5 Ndxe5 16. fxe5 Qe7 17. Qh5 g6 18. Qh4 Kg7 19. Qh6+ Kg8 20. Rf3 1-0